Bibliographie des bibliographies (Record no. 166937)

MARC details
000 -LEADER
campo de control de longitud fija 01319nam a22002295i 4500
001 - NÚMERO DE CONTROL
campo de control 166937
003 - IDENTIFICADOR DE NÚMERO DE CONTROL
campo de control ES-MaACL
005 - FECHA Y HORA DE LA ÚLTIMA TRANSACCIÓN
campo de control 20251015063150.0
008 - DATOS DE LONGITUD FIJA--INFORMACIÓN GENERAL
campo de control de longitud fija 000713m18831887fr |||| | fre d
040 ## - FUENTE DE CATALOGACIÓN
Centro catalogador/agencia de origen CCPB | B
Lengua de catalogación spa
Centro/agencia transcriptor CCPB | B
100 1# - ENTRADA PRINCIPAL--NOMBRE DE PERSONA
Nombre de persona Vallée, Léon,
Fechas asociadas al nombre 18-?-1919
9 (RLIN) 133531
245 10 - MENCIÓN DEL TÍTULO
Título Bibliographie des bibliographies
Resto del título : première partie catalogue des bibliographies générales et particulières, par ordre alphabétique d´auters ... seconde partie répertoire des mèmes bibliographies par ordre alphabétique de matières /
Mención de responsabilidad, etc. par Léon Vallée.
260 ## - PUBLICACIÓN, DISTRIBUCIÓN, ETC.
Lugar de publicación, distribución, etc. Paris :
Nombre del editor, distribuidor, etc. E.M. Terquem,
Fecha de publicación, distribución, etc. 1883-1887 (
Lugar de fabricación/manufactura Stuttgart :
Fabricante imprimerie Kröner Frères)
300 ## - DESCRIPCIÓN FÍSICA
Extensión 2 v. ;
Dimensiones 26 cm.
505 8# - NOTA DE CONTENIDO CON FORMATO
Nota de contenido con formato Contiene: 1. Catalogue des bibliographies générales et particulières, par ordre alphabétique d'auteurs, avec indication complète du titre, des lieu et date de publication, du format, etc. (VI, 773 p.) -- 2. Répertoire des mêmes bibliographies par ordre alphabétique de matières. Supplément (354 p.)
596 #1 - NOTA AL PIE DE IMPRENTA
NOTA AL PIE DE IMPRENTA 2º vol. impreso en Rennes por Imprimerie Polyglotte Alph. Le Roy Fils.
650 #4 - PUNTO DE ACCESO ADICIONAL DE MATERIA--TÉRMINO DE MATERIA
Término de materia o nombre geográfico como elemento de entrada Bibliografía-
Subdivisión de forma Bibliografías.
9 (RLIN) 224470
752 ## - ENTRADA AGREGADA--NOMBRE JERÁRQUICO DEL LUGAR
País o entidad superior Francia -
Ciudad París
752 ## - ENTRADA AGREGADA--NOMBRE JERÁRQUICO DEL LUGAR
País o entidad superior Alemania -
Ciudad Stuttgart
852 ## - LOCALIZACIÓN
Ubicación ES-MaACL
Número de control de estantería B-3878-3879
Nota libre -- Enc. pasta
Holdings
Estatus retirado Estado de pérdida Fuente del sistema de clasificación o colocación Estado de daño No para préstamo Colección Biblioteca de origen Biblioteca actual Ubicación en estantería Fecha de adquisición Total de préstamos Signatura topográfica completa Código de barras Visto por última vez Precio de reemplazo Tipo de ítem Koha
    Clasificación decimal universal     Biblioteca profesional Biblioteca del Ateneo de Madrid Biblioteca del Ateneo de Madrid Sala Pardo Bazán 17/01/2008   B-3878-3879 1175113 23/02/2023 23/02/2023 Libro impreso antiguo